00736 2200193 4500001002100000005001500021035002000036008004100056245005400097100002100151250000600172260003600178300001100214084001400225082000800239650001000247520027300257990001200530INLIS00000000000111620240522090310 a0010-0524000351240522 1 ind 1 aLegenda Gunung Tangkuban Prahu /cTira Ikranegara aIkranegara, Tira a1 aYogyakarta :bMulia Jaya,c2008 a96 hlm a813 TIR l a813 4aFiksi aPada zaman dahulu, hidup seorang putri kerajaan di Jawa Barat bernama Dayang Sumbi bersama anak laki-lakinya, Sangkuriang dan anjing kesayangannya yang bernama Tumang Kompascom+ baca berita tanpa iklan: https://kmp.im/plus6 Download aplikasi: https://kmp.im/app6 a0744094